000 00416nam a2200181Ia 4500
001 9744
005 20260306161741.0
008 260306t1997||||xx |||||||||||||| ||spa||
041 _aESP
082 _a410
_bR78L
100 _aRojas, Íbico
_eAUT
245 0 _aLingüística y comunicación
260 _c1997
300 _a412 páginas :
_c22 cm.
650 _aGEN
654 _aCED
942 _cLIB
_dJUS
_fJUS
_2ddc
_n
999 _c9744
_d9744